000 00549nam a2200169Ia 4500
005 20250923144714.0
008 008 250917s9999 xx 000 0 eng d
037 _aTextual
040 _aDSWL
_beng
_cDSWL
041 _aeng
_2eng
084 _aX8(M7):97D.251'N59t4, N60
_qDSWL
100 _aSethi, S.M.
_9827577
245 0 _aStudy of trade unionism in Textile Indutstries in Delhi
_cby S.M. Sethi
260 _aDelhi
_bDelhi
_c1960
942 _cTEXL
_hX8(M7):97D.251'N59t4, N60
999 _c1442298
_d1442298